Les animaux dans les expressions françaises #1 - Statistiques

Statistiques générales
  • Ce quiz a été pris 86 207 fois
  • Le résultat moyen est 15 sur 20
Statistiques - réponses
Animal % Correct
donner sa langue au {chat}
100%
quand les {poules} auront des dents
98%
un froid de {canard}
98%
prendre le {taureau} par les cornes
94%
monter sur ses grands {chevaux}
93%
il y a {anguille} sous roche
91%
mettre la {puce} à l'oreille
90%
être le {bouc} émissaire
88%
avoir des {fourmis} dans les jambes
86%
avoir un œil de {lynx}
85%
avoir une mémoire d'{éléphant}
83%
des larmes de {crocodile}
83%
têtu comme une {mule}
82%
frais comme un {gardon}
61%
être comme un {coq} en pâte
58%
chercher des {poux} à quelqu'un
54%
être connu comme le {loup} {blanc}
41%
avaler une {couleuvre}
33%
gai comme un {pinson}
33%
payer en monnaie de {singe}
29%
Aucun quiz correspondant
Distribution des résultats
% des personnes avec chaque résultat
Percentile par nombre de réponses
Votre historique - résultats
Vous n’avez pas pris ce quiz